LEADER 01208nam a2200241 i 4500 001 000000194170 003 CaOOAMICUS 005 20101106000000.0 008 101106s1932 it u000 u ita u 013 $a172818 040 $aSeMil$bita 100 1 $aVaudagnotti, Attilio.$0(OLS)http://semarc/name/47301 240 03$aIl ciabattino santo di Moncalieri.$0(OLS)http://semarc/title/279960 245 13$aIl Ciabattino Santo di Moncalieri :$bvita di Giovanni Antonio Panighetti da Varzo (1740-1785), compilata sulle fonti storiche /$csac. dr. Attilio Vaudagnotti. 250 $a2. edizione riveduta e corretta. 260 $aTorino :$bLibreria Sacro Cuore,$c1932. 300 $a199 p., [4] p. di tav. ;$c21 cm. 500 $aContiene : Bibliografia. 650 4$aPanighetti, Giovanni Antonio <1740-1785>.$0(OLS)http://semarc/subject/36464 850 $aSeMil 852 $aSeMil$W1$xVenegono$y1$m3J IV 134$j144744$B144744$CSeMilBibl$Z2$F156163 $81 996 $6245$aIl Ciabattino Santo di Moncalieri :$bvita di Giovanni Antonio Panighetti da Varzo (1740-1785), compilata sulle fonti storiche$9(OLS)http://semarc/title/279961 996 $6260$aTorino :$bLibreria Sacro Cuore$9(OLS)http://semarc/publisher/38810 LEADER 01130nam a2200265 i 4500 001 000000115922 003 CaOOAMICUS 005 20030603000000.0 008 030603s2001 it u000 u ger u 013 $a88611 020 $a3-906784-03-7 040 $aSeMil$bita 245 10$aSchule auf christlicher Grundlage? :$bzur pädagogischen Verantwortung in der multikulturellen Gesellschaft. 260 $a[S.l. :$bs.n.],$c2001. 300 $a142 p. ;$c23 cm. 500 $aFondo Card. C.M. Martini. 650 4$aScuola cattolica - Educazione - Qualitā.$0(OLS)http://semarc/subject/19897 650 4$aEducazione multiculturale.$0(OLS)http://semarc/subject/15052 850 $aSeMil 852 $aSeMil$W1$xVenegono$y1$m2O V 69$j71414$B71414$CSeMilBibl$Z2$F103329 $81 941 1 $a4 961 $aOmaggio: Martini Card. Carlo Maria 996 $6020$a3-906784-03-7$9(OLS)http://semarc/number/99863 996 $6245$aSchule auf christlicher Grundlage? :$bzur pädagogischen Verantwortung in der multikulturellen Gesellschaft$9(OLS)http://semarc/title/169879 996 $6260$a[S.l. :$bs.n.]$9(OLS)http://semarc/publisher/29751